The Corinthian catastrophe / (Record no. 7671)

MARC details
000 -LEADER
fixed length control field 00703nam a2200253 i 4500
001 - CONTROL NUMBER
control field 4835
003 - CONTROL NUMBER IDENTIFIER
control field GBCCL
005 - DATE AND TIME OF LATEST TRANSACTION
control field 20241126110633.0
008 - FIXED-LENGTH DATA ELEMENTS--GENERAL INFORMATION
fixed length control field 750107s1974 miu 00010 eng
010 ## -
-- 74075106
020 ## - INTERNATIONAL STANDARD BOOK NUMBER
International Standard Book Number 0825427088 :
Terms of availability $0.95
035 ## - SYSTEM CONTROL NUMBER
System control number OCM01599531 830416
040 ## - CATALOGING SOURCE
Original cataloging agency DLC
Transcribing agency DLC
Modifying agency LBB
049 ## -
-- LBBK
050 0# -
-- BX8763
-- .G37
082 ## - DEWEY DECIMAL CLASSIFICATION NUMBER
Classification number 234.1
Item number GAR
092 ## - LOCALLY ASSIGNED DEWEY CALL NUMBER (OCLC)
Classification number 234.13
Item number G221
100 10 - MAIN ENTRY--PERSONAL NAME
Personal name Gardiner, George E.
9 (RLIN) 13520
245 14 - TITLE STATEMENT
Title The Corinthian catastrophe /
Statement of responsibility, etc. George E. Gardiner.
260 0# - PUBLICATION, DISTRIBUTION, ETC.
Place of publication, distribution, etc. Grand Rapids, MI :
Name of publisher, distributor, etc. Kregel Publications,
Date of publication, distribution, etc. [1974]
300 ## - PHYSICAL DESCRIPTION
Extent 56 p. ;
Dimensions 18 cm.
650 #0 - SUBJECT ADDED ENTRY--TOPICAL TERM
Topical term or geographic name entry element Pentecostalism
General subdivision Controversial literature.
9 (RLIN) 13521
942 ## - ADDED ENTRY ELEMENTS (KOHA)
Source of classification or shelving scheme Dewey Decimal Classification
Koha item type Books
Koha issues (borrowed), all copies 1
Holdings
Withdrawn status Lost status Source of classification or shelving scheme Damaged status Not for loan Home library Current Library Shelving location Date acquired Total checkouts Full call number Barcode Date last seen Date last checked out Copy number Price effective from Koha item type
    Dewey Decimal Classification     GRACE BIBLE COLLEGE GRACE BIBLE COLLEGE Theology 2018-09-10 1 234.1 GAR 003691 2025-05-01 2018-10-29 c.1 2018-09-10 Books
© Grace Bible College Library 2025